Statistiken für Länder, die an Serbien grenzen

Klicken Sie hier um das Quiz zu spielen!

Allgemein

  • Dieses Quiz wurde 149 mal gespielt
  • Das Durchschnittsergebnis liegt bei 3 aus 8

Antwortstatistiken

LängeLand% Korrekt
531Rumänien
84%
351Kosovo
65%
217Kroatien
48%
302Bosnien und Herzegowina
47%
318Bulgarien
42%
151Ungarn
22%
160Nordmazedonien
21%
157Montenegro
18%

Verteilung der Resultate

Perzentil nach korrekt beantworteten Fragen

Anzahl Personen mit jedem Resultat

Ihre Resultats-Entwicklung

Sie haben dieses Quiz noch nicht gespielt